<?xml version="1.0" encoding="UTF-8"?>
<record
    xmlns:xsi="http://www.w3.org/2001/XMLSchema-instance"
    xsi:schemaLocation="http://www.loc.gov/MARC21/slim http://www.loc.gov/standards/marcxml/schema/MARC21slim.xsd"
    xmlns="http://www.loc.gov/MARC21/slim">

  <leader>03627nam a22004217i 4500</leader>
  <controlfield tag="001">B-12207</controlfield>
  <controlfield tag="003">CO-BoFNCP</controlfield>
  <controlfield tag="007">t|| </controlfield>
  <controlfield tag="008">090820s2009    ck     r           spa d </controlfield>
  <datafield tag="040" ind1=" " ind2=" ">
    <subfield code="a">CO-BoFNCP</subfield>
    <subfield code="b">spa</subfield>
    <subfield code="c">CO-BoFNCP</subfield>
    <subfield code="e">rda</subfield>
  </datafield>
  <datafield tag="041" ind1=" " ind2=" ">
    <subfield code="a">spa</subfield>
  </datafield>
  <datafield tag="043" ind1=" " ind2=" ">
    <subfield code="a">ck</subfield>
  </datafield>
  <datafield tag="084" ind1=" " ind2=" ">
    <subfield code="a">A-</subfield>
  </datafield>
  <datafield tag="100" ind1="1" ind2=" ">
    <subfield code="a">Coffey, Michael,</subfield>
    <subfield code="e">autor.</subfield>
    <subfield code="4">aut</subfield>
    <subfield code="9">48563</subfield>
  </datafield>
  <datafield tag="245" ind1="0" ind2="0">
    <subfield code="a">Caracterizaci&#xF3;n morfol&#xF3;gica y molecular de Phytophthora palmivora agente causal de las lesiones iniciales de la pudrici&#xF3;n del cogollo (PC) de la palma de aceite en Colombia.</subfield>
  </datafield>
  <datafield tag="264" ind1=" " ind2="1">
    <subfield code="a">Palmira :</subfield>
    <subfield code="b">Ascolfi,</subfield>
    <subfield code="c">2009.</subfield>
  </datafield>
  <datafield tag="300" ind1=" " ind2=" ">
    <subfield code="a">p&#xE1;ginas 39-44 ;</subfield>
    <subfield code="c">Tablas, fotograf&#xED;as.</subfield>
  </datafield>
  <datafield tag="336" ind1=" " ind2=" ">
    <subfield code="a">texto</subfield>
    <subfield code="b">txt</subfield>
    <subfield code="2">rdacontent</subfield>
  </datafield>
  <datafield tag="337" ind1=" " ind2=" ">
    <subfield code="a">sin mediaci&#xF3;n</subfield>
    <subfield code="b">n</subfield>
    <subfield code="2">rdamedia</subfield>
  </datafield>
  <datafield tag="338" ind1=" " ind2=" ">
    <subfield code="a">volumen</subfield>
    <subfield code="b">nc</subfield>
    <subfield code="2">rdacarrier</subfield>
  </datafield>
  <datafield tag="504" ind1=" " ind2=" ">
    <subfield code="a">Incluye referencias bibliogr&#xE1;ficas.</subfield>
  </datafield>
  <datafield tag="520" ind1=" " ind2=" ">
    <subfield code="a">Se realizaron estudios morfol&#xF3;gicos y moleculares de Phytophthora sp., aislado de lesiones asociadas con la PC en la palma de aceite en Colombia, para identificar la especie cuya patogenicidad fue comprobada por Cenipalma. Para la identificaci&#xF3;n morfol&#xF3;gica se consider&#xF3; el aspecto del milecio y se midi&#xF3; el di&#xE1;metro de las clamidosporas y el largo-ancho de los esporangios, verificando su desprendimiento. Para la caracterizaci&#xF3;n molecular, los aislamientos, se crecieron en caldo papa-dextrosa para luego someterlos a la extracci&#xF3;n de ADN, amplificaci&#xF3;n por PCR utilizando los iniciadores ITS1 e ITS4. Los productos obtenidos se secuenciaron en el laboratorio de Gen&#xF3;mica de la Universidad de la Florida, EUA. Las secuencias fueron analizadas en la Universidad de la Florida y en la Universidad de California, Riverside, EUA. Para la visualizaci&#xF3;n de estructuras de los microorganismos presentes se tom&#xF3; tejido de la zona de avance de la PC. El pat&#xF3;geno se caracteriz&#xF3; por presentar micelio blanco, cenoc&#xED;tico y crecimiento deprimido, en agar avena. En agar pera o en frutos de piment&#xF3;n el micelio creci&#xF3; hinchado y nudoso. En todos los medios de cultivo y aislamientos de Phytophthora, el micelio fue delgado y delicado con consistencia acuosa, situaci&#xF3;n que hizo m&#xE1;s dif&#xED;cil su aislamiento y recuperaci&#xF3;n, pero permiti&#xF3; diferenciarlo de otros microorganismos. Los esporangios midieron en promedio 52.8 x 37.1 &#xC1;m. y una relaci&#xF3;n 1.4. Los esporangios fueron predominantemente ovalados, esf&#xE9;ricos o elipsoides, caducos y papilados con pedicelo corto. Se present&#xF3; germinaci&#xF3;n directa e indirecta. Se observaron clamidosporas terminales e intercalares con un di&#xE1;metro promedio de 42.4 &#xC1;m. En el gel se amplific&#xF3; una banda cercana a los 900 pb correspondiente a Phytophthora. Las secuencias editadas concordaron con espec&#xED;menes de P. palmivora en m&#xE1;s de 99%. En el tejido afectado, se encontraron estructuras globosas similares a las clamidosporas de Phytophthora. Las caracter&#xED;sticas morfol&#xF3;gicas y moleculares permitieron concluir que los aislamientos procedentes de plantas de palma de aceite afectadas por la PC corresponden a Phytophthora palmivora.</subfield>
  </datafield>
  <datafield tag="650" ind1=" " ind2="0">
    <subfield code="a">Caracterizaci&#xF3;n</subfield>
    <subfield code="9">36704.</subfield>
  </datafield>
  <datafield tag="650" ind1=" " ind2="0">
    <subfield code="a">Pudrici&#xF3;n del cogollo</subfield>
    <subfield code="9">30852.</subfield>
  </datafield>
  <datafield tag="650" ind1=" " ind2="0">
    <subfield code="a">Palma de aceite</subfield>
    <subfield code="9">37678.</subfield>
  </datafield>
  <datafield tag="700" ind1="1" ind2=" ">
    <subfield code="a">Elliot, M&#xF3;nica</subfield>
    <subfield code="9">48564.</subfield>
  </datafield>
  <datafield tag="700" ind1="1" ind2=" ">
    <subfield code="a">Mart&#xED;nez L., Gerardo</subfield>
    <subfield code="9">33358.</subfield>
  </datafield>
  <datafield tag="700" ind1="1" ind2=" ">
    <subfield code="a">Nore&#xF1;a, Cristi&#xE1;n</subfield>
    <subfield code="9">44277.</subfield>
  </datafield>
  <datafield tag="700" ind1="1" ind2=" ">
    <subfield code="a">Rodr&#xED;guez, Jessica</subfield>
    <subfield code="9">41329.</subfield>
  </datafield>
  <datafield tag="700" ind1="1" ind2=" ">
    <subfield code="a">Sarria, Greicy A. </subfield>
    <subfield code="9">41330.</subfield>
  </datafield>
  <datafield tag="700" ind1="1" ind2=" ">
    <subfield code="a">Torres, Gabriel A.</subfield>
    <subfield code="9">41331.</subfield>
  </datafield>
  <datafield tag="700" ind1="1" ind2=" ">
    <subfield code="a">Var&#xF3;n, Francia</subfield>
    <subfield code="9">41332.</subfield>
  </datafield>
  <datafield tag="700" ind1="1" ind2=" ">
    <subfield code="a">V&#xE9;lez, Diana C.</subfield>
    <subfield code="9">41333.</subfield>
  </datafield>
  <datafield tag="773" ind1="0" ind2=" ">
    <subfield code="a">Fitopatolog&#xED;a Colombiana</subfield>
    <subfield code="g">v. 32, no. 2 (Febrero 2009), p.39-44</subfield>
    <subfield code="w">A-</subfield>
    <subfield code="x">0120-0143</subfield>
  </datafield>
  <datafield tag="942" ind1=" " ind2=" ">
    <subfield code="2">z</subfield>
    <subfield code="c">1</subfield>
  </datafield>
  <datafield tag="952" ind1=" " ind2=" ">
    <subfield code="0">0</subfield>
    <subfield code="1">0</subfield>
    <subfield code="2">z</subfield>
    <subfield code="4">0</subfield>
    <subfield code="7">0</subfield>
    <subfield code="a">2</subfield>
    <subfield code="b">2</subfield>
    <subfield code="d">2013-10-21</subfield>
    <subfield code="l">0</subfield>
    <subfield code="o">A-</subfield>
    <subfield code="p">R-12207</subfield>
    <subfield code="r">2013-10-21 00:00:00</subfield>
    <subfield code="t">Ej. 1</subfield>
    <subfield code="w">2013-10-21</subfield>
    <subfield code="y">1</subfield>
  </datafield>
  <datafield tag="999" ind1=" " ind2=" ">
    <subfield code="c">26555</subfield>
    <subfield code="d">26555</subfield>
  </datafield>
  <datafield tag="999" ind1=" " ind2=" ">
    <subfield code="z">1</subfield>
  </datafield>
</record>
